Discovering Sociology : (Record no. 3125)

MARC details
000 -LEADER
fixed length control field 00526nam a2200193 4500
003 - CONTROL NUMBER IDENTIFIER
control field OSt
005 - DATE AND TIME OF LATEST TRANSACTION
control field 20231002115354.0
008 - FIXED-LENGTH DATA ELEMENTS--GENERAL INFORMATION
fixed length control field 160301b xxu||||| |||| 00| 0 eng d
020 ## - INTERNATIONAL STANDARD BOOK NUMBER
International Standard Book Number 0922914311
040 ## - CATALOGING SOURCE
Transcribing agency 040a
082 ## - DEWEY DECIMAL CLASSIFICATION NUMBER
Classification number 301 BAR 1998
100 ## - MAIN ENTRY--PERSONAL NAME
Personal name Barkan, Steven E
9 (RLIN) 6941
245 ## - TITLE STATEMENT
Title Discovering Sociology :
Remainder of title an introduction using explorlt
260 ## - PUBLICATION, DISTRIBUTION, ETC. (IMPRINT)
Place of publication, distribution, etc. Bellevue;
Name of publisher, distributor, etc. MicroCase copration,
Date of publication, distribution, etc. 1998
300 ## - PHYSICAL DESCRIPTION
Extent xvii, 246p;
Other physical details ill :
Dimensions 24 cm
504 ## - BIBLIOGRAPHY, ETC. NOTE
Bibliography, etc includes index
650 ## - SUBJECT ADDED ENTRY--TOPICAL TERM
Topical term or geographic name as entry element Sociology
9 (RLIN) 2259
942 ## - ADDED ENTRY ELEMENTS (KOHA)
Source of classification or shelving scheme Dewey Decimal Classification
Koha item type Short Loan
Holdings
Withdrawn status Lost status Source of classification or shelving scheme Damaged status Not for loan Home library Current library Date acquired Source of acquisition Inventory number Total Checkouts Full call number Barcode Date last seen Koha item type
    Dewey Decimal Classification     MUST Main Library MUST Main Library 01/03/2016 Purchase 03/20339   301 BAR 1998 2016-0285 01/03/2016 Short Loan